| 000 | 00605nam a22001937a 4500 | ||
|---|---|---|---|
| 999 |
_c9591 _d9591 |
||
| 003 | AR-CdUCM | ||
| 008 | 190328b ||||| |||| 00| 0 spa d | ||
| 040 |
_aMUNICIPALIDAD PROVINCIAL DEL CUSCO _cBIBLIOTECA MUNICIPAL DEL CUSCO |
||
| 082 |
_aC / 869.59 / _bEL39C |
||
| 100 |
_aElguera, Alida _925895 |
||
| 245 |
_aCruces del Camino : _bPoemas de Almayana / |
||
| 260 |
_aLima : _bImprenta Torres Arguirre , _c1947. |
||
| 300 |
_a81 páginas ; _c21 cm. |
||
| 650 |
_aPoesia Peruana _9280 |
||
| 650 |
_aPoesia Limeña _917928 |
||
| 650 |
_aPoesia Latinoamericana _92147 |
||
| 942 |
_2ddc _cLIBROS |
||
| 945 | _artm | ||